000 00275nam a22001337a 4500
008 170412b xxu||||| |||| 00| 0 eng d
020 _a0125214405
041 _aeng
080 _a618
100 _a10
101 _aSHM
245 _aHORMONES
_cNORMAN.A.W
942 _2udc
_cBK
999 _c10546
_d10546